Catalog

Record Details

Catalog Search



Přej si opatrně  Cover Image Book Book

Přej si opatrně / Hallie Ephronová ; přeložila Kristýna Kučerová

Summary:

Emily a Becca provozují úklidovou firmu a pomáhají lidem likvidovat zbytečné a nepotřebné věci. Když je vdova po zubním lékaři požádá, aby uspořádaly manželovu pozůstalost, narazí na sklad plný věcí, které její manžel zřejmě nezískal legální cestou. Co se stane, když má žena, která zbavuje lidi zbytečností a dělá jim doma pořádek, za manžela muže, který naopak věci ve velkém hromadí? Emilyin manžel zaplnil svými „poklady“ sklep, půdu i garáž. Na jiné myšlenky ji naštěstí přivedou dvě nové klientky - postarší vdova, které po zesnulém muži zbylo skladiště, o jehož existenci neměla dosud ani ponětí, a mladá žena Quinn, která si kvůli manželovu zákazu nesmí domů nastěhovat svoje věci. Následující sled událostí vtáhne Emily do situace, která se zdá být nad její síly. Nakladatelská anotace.

Record details

  • ISBN: 978-80-271-1010-0
  • Physical Description: 294 stran ; 22 cm
  • Edition: První vydání
  • Publisher: Praha : Cosmopolis, 2020

Content descriptions

General Note:
Přeloženo z angličtiny
Obálkový podnázev: ...mohlo by se to splnit
Genre: americké romány
thrillery (romány)
American fiction
thrillers (novels)

Available copies

  • 1 of 1 copy available at Common Catalog SPOK.

Holds

  • 0 current holds with 1 total copy.
Show Only Available Copies
Location Call Number / Copy Notes Barcode Shelving Location Status Due Date
Jabok Library BL-1/Ep 424480045967 Beletrie Available -

LDR 02357cam a2200433 i 4500
00150806
003CZ-PrJAB
00520220524130421.0
007ta
008200617s2020 xr g 000 f cze d
015 . ‡acnb003231293
020 . ‡a978-80-271-1010-0 ‡q(vázáno)
035 . ‡a(CZ PrNK)nkc20203231293
035 . ‡a(OCoLC)1200255945
040 . ‡aCBA001 ‡bcze ‡dABG001 ‡erda
0411 . ‡acze ‡heng
072 7. ‡a821.111(73)-3 ‡xAmerická próza ‡2Konspekt ‡925
080 . ‡a821.111(73)-31 ‡2MRF
080 . ‡a(0:82-312.4) ‡2MRF
1001 . ‡aEphron, Hallie, ‡d1948- ‡7xx0125020 ‡4aut
24010. ‡aCareful what you wish for. ‡lČesky
24510. ‡aPřej si opatrně / ‡cHallie Ephronová ; přeložila Kristýna Kučerová
250 . ‡aPrvní vydání
264 1. ‡aPraha : ‡bCosmopolis, ‡c2020
300 . ‡a294 stran ; ‡c22 cm
336 . ‡atext ‡btxt ‡2rdacontent
337 . ‡abez média ‡bn ‡2rdamedia
338 . ‡asvazek ‡bnc ‡2rdacarrier
500 . ‡aPřeloženo z angličtiny
500 . ‡aObálkový podnázev: ...mohlo by se to splnit
5202 . ‡aEmily a Becca provozují úklidovou firmu a pomáhají lidem likvidovat zbytečné a nepotřebné věci. Když je vdova po zubním lékaři požádá, aby uspořádaly manželovu pozůstalost, narazí na sklad plný věcí, které její manžel zřejmě nezískal legální cestou. ‡bCo se stane, když má žena, která zbavuje lidi zbytečností a dělá jim doma pořádek, za manžela muže, který naopak věci ve velkém hromadí? Emilyin manžel zaplnil svými „poklady“ sklep, půdu i garáž. Na jiné myšlenky ji naštěstí přivedou dvě nové klientky - postarší vdova, které po zesnulém muži zbylo skladiště, o jehož existenci neměla dosud ani ponětí, a mladá žena Quinn, která si kvůli manželovu zákazu nesmí domů nastěhovat svoje věci. Následující sled událostí vtáhne Emily do situace, která se zdá být nad její síly. Nakladatelská anotace.
655 7. ‡aamerické romány ‡7fd131796 ‡2czenas
655 7. ‡athrillery (romány) ‡7fd184206 ‡2czenas
655 9. ‡aAmerican fiction ‡2eczenas
655 9. ‡athrillers (novels) ‡2eczenas
7001 . ‡aKučerová, Kristýna ‡7ola2004235548 ‡4trl
910 . ‡aABG312
995 . ‡aska
901 . ‡a50806 ‡bAUTOGEN ‡c50806 ‡tbiblio

Additional Resources